00322nam a2200121Ia 45000010005000000080041000050820020000461000021000662450047000872600024001349010027001589990015001853185241024s9999 xx 000 0 und d aRD/375.07/V234r aRosa Vanderhorst 0aRevisión curricular 2011-2013 (Borrador) bSanto Domingoc2013 a4/9/2013 11:10:52 a.m. c8426d8426